[Event "VIE-chT (Women)"]
[White "Tran, Thi Mong Thu"]
[Black "Phan, Thi My Huong"]
[Site "Ho Chi Minh City"]
[Round "8.18"]
[Result "1-0"]
[Date "2019.10.01"]
[WhiteElo "1845"]
[BlackElo "1533"]
[PlyCount "75"]
[EventDate "2019.09.26"]
[EventType "swiss"]
[EventRounds "9"]
[EventCountry "VIE"]
[SourceTitle "EXT 2020"]
[Source "ChessBase"]
[SourceDate "2019.10.17"]
[SourceVersion "1"]
[SourceVersionDate "2019.10.17"]
[SourceQuality "1"]

1. e4 g6 2. d4 Bg7 3. c4 d6 4. Nc3 Nf6 5. Be2 0-0 6. Nf3 c5 7. d5 a6 8. a4 Bg4 9. h3 Bxf3 10. Bxf3 Nbd7 11. 0-0 Qb6 12. Qc2 Ne5 13. Be2 e6 14. Be3 Rfd8 15. Rab1 Qc7 16. f4 Ned7 17. g4 exd5 18. Nxd5 Nxd5 19. cxd5 Re8 20. Bf2 Nf6 21. Bf3 Qd7 22. b4 c4 23. a5 Rac8 24. Kg2 c3 25. g5 Nh5 26. Bxh5 gxh5 27. Qd3 Qa4 28. Bd4 c2 29. Rbc1 Qxb4 30. Bxg7 Kxg7 31. Rfe1 Rc3 32. Qe2 Qxa5 33. Qxh5 Rd3 34. Re2 Qc3 35. Rcxc2 Rg3+ 36. Kh2 Qf3 37. Qh4 Rxe4 38. Qh6+ 1-0

[Event "VIE-chT (Women)"]
[White "Le, La Tra My"]
[Black "Tran, Thi Mong Thu"]
[Site "Ho Chi Minh City"]
[Round "6.16"]
[Result "1/2-1/2"]
[Date "2019.09.29"]
[WhiteElo "1820"]
[BlackElo "1845"]
[PlyCount "93"]
[EventDate "2019.09.26"]
[EventType "swiss"]
[EventRounds "9"]
[EventCountry "VIE"]
[SourceTitle "EXT 2020"]
[Source "ChessBase"]
[SourceDate "2019.10.17"]
[SourceVersion "1"]
[SourceVersionDate "2019.10.17"]
[SourceQuality "1"]

1. d4 d5 2. c4 c6 3. g3 dxc4 4. Bg2 Nf6 5. Nf3 Nbd7 6. a4 a5 7. Na3 Nb6 8. Ne5 Be6 9. 0-0 g6 10. e3 Nfd7 11. Nf3 h6 12. Qc2 Bg7 13. Nd2 Bf5 14. Be4 Bxe4 15. Nxe4 0-0 16. Nxc4 Nxc4 17. Qxc4 e5 18. dxe5 Nxe5 19. Qe2 Qd5 20. f3 Rfe8 21. Nc3 Qc5 22. Kg2 Rad8 23. Bd2 Nc4 24. Rad1 Nxb2 25. Ne4 Qd5 26. Rb1 f5 27. Bc3 fxe4 28. Bxg7 exf3+ 29. Rxf3 Nc4 30. Bxh6 Ne5 31. Rxb7 Qxf3+ 32. Qxf3 Rd2+ 33. Qf2 Rxf2+ 34. Kxf2 Ng4+ 35. Kf3 Nxh6 36. Rc7 Re6 37. Kf4 Nf5 38. e4 Nd4 39. Ra7 Nb3 40. e5 c5 41. Rc7 Kf8 42. Ke4 Re7 43. Rc6 Kf7 44. Kd5 Rb7 45. Rf6+ Kg7 46. Ra6 Kf7 47. Rf6+ 1/2-1/2

[Event "VIE-ch (Women)"]
[White "Pham, Bich Ngoc"]
[Black "Tran, Thi Mong Thu"]
[Site "Ho Chi Minh City"]
[Round "9"]
[Result "1-0"]
[Date "2019.05.09"]
[WhiteElo "2167"]
[BlackElo "1845"]
[PlyCount "129"]
[EventDate "2019.05.02"]
[EventType "swiss"]
[EventRounds "9"]
[EventCountry "VIE"]
[SourceTitle "CBM 190 Extra"]
[Source "ChessBase"]
[SourceDate "2019.07.15"]
[SourceVersion "1"]
[SourceVersionDate "2019.07.15"]
[SourceQuality "1"]

1. b3 b6 2. e3 Bb7 3. Nf3 d6 4. Bb2 e5 5. d4 e4 6. Nfd2 Nd7 7. c4 Ngf6 8. Nc3 Qe7 9. Qc2 0-0-0 10. g3 Kb8 11. Bg2 Re8 12. a3 g6 13. b4 Bg7 14. d5 Rhg8 15. Ncxe4 Nxe4 16. Nxe4 f5 17. Nd2 h5 18. h4 Ne5 19. Bd4 Ng4 20. Qd3 Bxd4 21. Qxd4 g5 22. hxg5 Qxg5 23. Nf3 Qf6 24. Nh4 Qg5 25. Qf4 Qf6 26. 0-0 Bc8 27. Rfd1 Ne5 28. Bh3 Ng4 29. Qd4 Qh6 30. Bg2 Ne5 31. Qc3 Rg4 32. Rd4 Rg7 33. c5 Ng4 34. Re1 Qg5 35. Rf4 Ree7 36. a4 Rg8 37. a5 Nxf2 38. Rxf2 Qxg3 39. cxd6 cxd6 40. Qf6 Rgg7 41. Nxf5 Bxf5 42. Qxf5 Ref7 43. Qc2 h4 44. Rxf7 Qxe1+ 45. Rf1 Qxe3+ 46. Kh1 Rg8 47. axb6 Qxb6 48. Qh7 Re8 49. Qxh4 Qc7 50. Re1 Rg8 51. Qf6 Rd8 52. Re7 Qc1+ 53. Kh2 Qc8 54. Rh7 Ka8 55. Qe7 Qb8 56. Qc7 Rc8 57. Qxb8+ Rxb8 58. Rh4 Kb7 59. Bf1 Kb6 60. Rc4 Rf8 61. Rc6+ Kb7 62. Ba6+ Kb8 63. Rxd6 Rf5 64. Rd7 Rg5 65. d6 1-0

[Event "VIE-ch (Women)"]
[White "Nguyen, Thi Thanh An"]
[Black "Tran, Thi Mong Thu"]
[Site "Ho Chi Minh City"]
[Round "1"]
[Result "1/2-1/2"]
[Date "2019.05.02"]
[WhiteElo "2280"]
[BlackElo "1845"]
[PlyCount "146"]
[EventDate "2019.05.02"]
[EventType "swiss"]
[EventRounds "9"]
[EventCountry "VIE"]
[SourceTitle "CBM 190 Extra"]
[Source "ChessBase"]
[SourceDate "2019.07.15"]
[SourceVersion "1"]
[SourceVersionDate "2019.07.15"]
[SourceQuality "1"]

1. Nf3 Nf6 2. c4 e6 3. d4 d5 4. Qc2 b6 5. cxd5 exd5 6. Nc3 a6 7. Bg5 Be7 8. e3 h6 9. Bh4 0-0 10. Rc1 Bb7 11. Be2 Nbd7 12. 0-0 c5 13. Rfd1 c4 14. Ne5 b5 15. a3 Re8 16. f4 Ne4 17. Nxe4 dxe4 18. Bxe7 Qxe7 19. Bh5 Nxe5 20. dxe5 Red8 21. Rd4 Rxd4 22. exd4 Qh4 23. Qe2 g6 24. Bg4 h5 25. Bd7 Qxf4 26. Rf1 Qg5 27. Qf2 Qe7 28. Bh3 Rd8 29. Qe3 Kg7 30. Rf6 Re8 31. Be6 Qxe6 32. Rxe6 fxe6 33. Kf2 Bd5 34. Qc3 Re7 35. Qa5 Bb7 36. Ke3 Rf7 37. Qb6 Bd5 38. Qxa6 Rb7 39. Qa5 Kh7 40. Qd8 Rf7 41. Qe8 Kg7 42. h3 Rb7 43. Qc8 Rf7 44. Qd8 Bc6 45. Qg5 Bd5 46. Ke2 Rf5 47. Qd8 Rf7 48. Qe8 Rb7 49. g4 hxg4 50. hxg4 Rf7 51. Qd8 Rf8 52. Qh4 Rf4 53. Qg5 Rf8 54. Ke1 Rf7 55. Qd8 Bc6 56. Qb6 Bd5 57. Qxb5 Rb7 58. Qc5 Rxb2 59. Qe7+ Kh6 60. Qh4+ Kg7 61. Qf6+ Kh7 62. g5 Rb7 63. Qf8 c3 64. Qh6+ Kg8 65. Qxg6+ Kf8 66. Qh6+ Kg8 67. Qg6+ Kf8 68. Kd1 Bb3+ 69. Ke1 c2 70. Qh6+ Kg8 71. Qg6+ Kf8 72. Qh6+ Kg8 73. Qg6+ Kf8 1/2-1/2

[Event "VIE-ch (Women)"]
[White "Le, Thi Thu Huong"]
[Black "Tran, Thi Mong Thu"]
[Site "Ho Chi Minh City"]
[Round "3"]
[Result "1/2-1/2"]
[Date "2018.04.28"]
[WhiteElo "2030"]
[BlackElo "1873"]
[PlyCount "150"]
[EventDate "2018.04.27"]
[EventType "swiss"]
[EventRounds "9"]
[EventCountry "VIE"]
[SourceTitle "CBM 184 Extra"]
[Source "ChessBase"]
[SourceDate "2018.06.28"]
[SourceVersion "1"]
[SourceVersionDate "2018.06.28"]
[SourceQuality "1"]

1. d4 d5 2. Nf3 Nf6 3. e3 e6 4. Bd3 Bd6 5. 0-0 0-0 6. Nbd2 Nbd7 7. b3 b6 8. Bb2 Bb7 9. Rc1 Re8 10. Ne5 c5 11. f4 Rc8 12. Ndf3 Nf8 13. Ng5 Re7 14. Qe2 h6 15. Ngf3 Ne4 16. Bxe4 dxe4 17. Nd2 f5 18. dxc5 Bxc5 19. Rfd1 Qe8 20. Ndc4 Bd5 21. Bd4 Bxc4 22. Nxc4 Qc6 23. Ne5 Qc7 24. c4 Nh7 25. Bc3 a5 26. Rc2 Nf6 27. Rcd2 b5 28. Ng6 Rf7 29. Bd4 bxc4 30. bxc4 Bb4 31. Rc2 Nd7 32. h3 Kh7 33. Ne5 Nxe5 34. Bxe5 Qc6 35. Kh1 Rd7 36. Bd4 Rcd8 37. c5 Rd5 38. Rb1 Rc8 39. Qc4 g5 40. a3 Bxa3 41. Rb6 Qxb6 42. cxb6 Rxc4 43. Rxc4 Bd6 44. Rc6 Bxf4 45. b7 Bg3 46. Rb6 Rd8 47. Rxe6 a4 48. Kg1 a3 49. Kf1 a2 50. Ra6 Rb8 51. Ra7 Kg6 52. Ke2 Kf7 53. Kd2 Ke7 54. Rxa2 Rxb7 55. Ra6 Bd6 56. Ke2 h5 57. Ra5 Ke6 58. Ra8 Rb8 59. Ra7 Rc8 60. Rg7 Rc2+ 61. Kf1 g4 62. hxg4 hxg4 63. Rg6+ Kd7 64. Rf6 g3 65. Rxf5 Rc1+ 66. Ke2 Bb4 67. Rf1 Rc2+ 68. Kd1 Rxg2 69. Rf7+ Ke6 70. Rg7 Rg1+ 71. Kc2 g2 72. Rg6+ Kf5 73. Rg7 Bd6 74. Kd2 Be5 75. Bxe5 Kxe5 1/2-1/2